Widok standardowy
Widok MARC
Pozycja Topical Term
Liczba rekordów, w których użyto hasła: 1
001 - Numer kontrolny
- control field: 39838
003 - Identyfikator numeru kontrolnego
- control field: NUKAT
005 - Data i czas ostatniej modyfikacji
- control field: 20260410203842.0
008 - Dane kontrolne kodowane (40 znaków)
- fixed length control field: 050120n||azznnbabn |a ana |
010 ## - Numer kontrolny Biblioteki Kongresu
- numer kontrolny LC: px2004303692
035 ## - Numer systemowy
- numer systemowy: a10037597
035 ## - Numer systemowy
- numer systemowy: (PL)a0000001003759
040 ## - Instytucja sporządzająca rekord
- inst. przygot. dane do rek. khw: WA N
- język haseł przedmiotowych/tezaurus: DBN
- inst. wprow. rek. khw: WA N
150 ## - Hasło - nazwa pospolita
- nazwa posp. lub nazwa geogr. na pocz.: Literatura polsko-łacińska
555 ## - Trop zob. też - nazwa rodz. lub formalna
- podpole kontrolne: g
- nazwa rodzajowa/formalna: Literatura łacińska
555 ## - Trop zob. też - nazwa rodz. lub formalna
- podpole kontrolne: g
- nazwa rodzajowa/formalna: Literatura polska
682 ## - Informacja o usuniętym haśle
- tekst wyjaśniający: zatwierdzone